| 000 | 00993ntm a22002777a 4500 | ||
|---|---|---|---|
| 999 |
_c1040 _d1040 |
||
| 008 | 191121s2019 ii abd|grm|||a00| 0 eng d | ||
| 040 |
_aKO _beng |
||
| 041 | 0 | _aeng | |
| 044 | _aii | ||
| 082 | 0 | 4 |
_223 _a378.242 _bPRM1744 |
| 100 | 1 |
_aT. N., Mohammad Jabir _eResearcher |
|
| 245 | 1 | 2 |
_aA Study on Logistics and Warehouse Management in Abad Fisheries Pvt Ltd / _cMohammad Jabir T. N. ; Guide Dr. Yogamala H. L. |
| 260 |
_aKochi : _bIndian Maritime University, _c2019 |
||
| 300 |
_a65 p. : _bill., charts, maps ; _c29 cm. |
||
| 490 | 0 |
_aMBA Project 2017-19 ; _v1705304014 |
|
| 502 | _aProject (MBA)–Indian Maritime University. School of Maritime Management, 2019. | ||
| 650 | 0 |
_aWarehouses _xManagement _zIndia |
|
| 650 | 0 |
_aBusiness logistics _zIndia |
|
| 650 | 0 |
_aPhysical distribution of goods _xManagement _zIndia |
|
| 655 | 7 |
_2lcsh _aDissertations, Academic _y2019 |
|
| 700 | 1 |
_aH. L., Yogamala, _cDr. _eGuide |
|
| 904 | _aRUDRA_R | ||
| 905 | _aR_RANJAN | ||
| 942 | _cTH | ||